000 003830000a22001450004500
060 _a100
082 _a581.012 VAS
100 _aVasudevan, Nair R
245 _aSasyavargeekaranatatwangal
260 _aTrivandrum, State institute of languages
260 _c1971
300 _a294
650 _aPlant taxonomy - malayalam books / Malayalam books - plant taxonomy
942 _cBK
999 _c349254
_d349254